| 000 | 01066cam a22003135a 4500 | ||
|---|---|---|---|
| 001 | 016602940 | ||
| 003 | EG-ScBUE | ||
| 005 | 20211220102131.0 | ||
| 008 | 140108s2013 enk f 000 1 eng d | ||
| 020 | _a9780007489961 (pbk.) | ||
| 040 |
_aStDuBDS _beng _erda _cStDuBDS _dEG-ScBUE |
||
| 082 | 0 | 4 |
_a821.912 _bTOL _222 |
| 100 | 1 |
_aTolkien, J. R. R. _q(John Ronald Reuel), _d1892-1973, _eauthor. _940221 |
|
| 245 | 1 | 4 |
_aThe fall of Arthur / _cby J. R. R. Tolkien ; edited by Christopher Tolkien. |
| 264 | 1 |
_aLondon : _bHarper Collins Publishers, _c2013. |
|
| 300 |
_a233 pages ; _c24 cm |
||
| 336 |
_2rdacontent _atext _btxt |
||
| 337 |
_2rdamedia _aunmediated _bn |
||
| 338 |
_2rdacarrier _avolume _bnc |
||
| 500 | _aOriginally published : 2013. | ||
| 600 | 0 | 7 |
_aArthur, _cKing _vFiction. _940211 |
| 650 | 7 |
_2BUEsh _aBritons _xKings and rulers _vPoetry. |
|
| 650 | 7 |
_2BUEsh _aKnights and knighthood _vPoetry. |
|
| 651 | _2BUEsh | ||
| 653 |
_cJune2016 _bHHUUEENN |
||
| 655 |
_vReading book _934232 |
||
| 700 | 1 |
_aTolkien, Christopher, _eeditor. _940221 |
|
| 942 |
_2ddc _cBB |
||
| 999 |
_c21905 _d21877 |
||